000 00540nam a2200205Ia 4500
005 20260429112047.0
008 260429s9999||||xx |||||||||||||| ||und||
020 _a9781836593409
041 _aEnglish
082 _a337
_bWIL
100 _aWilson, Matthew
245 0 _aBasics of international economics /
_cMatthew Wilson
250 _a1st ed.
260 _aLondon :
_bETP ED- Tech Press,
_c2025.
300 _ax, 258 p.; hb
650 _a Global markets
650 _a Trade
650 _aInternational economics
942 _cTB
999 _c52145
_d52145